Consumers, consumer prices and the czech business cycle identification
Salvato in:
| Autore principale: | |
|---|---|
| Natura: | Libro |
| Lingua: | inglese |
| Pubblicazione: |
Praha
Czech National Bank
2004
|
| Serie: | Working paper series
4/2004 |
| Soggetti: | |
| Tags: |
Nessun Tag, puoi essere il primo ad aggiungerne!!
|
MARC
| LEADER | 00000nam$a2200000$$$4500 | ||
|---|---|---|---|
| 001 | 0024470 | ||
| 005 | 20240503084915.8 | ||
| 041 | 0 | |a eng | |
| 044 | |a CZ | ||
| 245 | 1 | 0 | |a Consumers, consumer prices and the czech business cycle identification |c Jiří Podpiera |
| 264 | 1 | |a Praha |b Czech National Bank |c 2004 | |
| 490 | 1 | |a Working paper series |v 4/2004 | |
| 830 | 0 | |a Working paper series |v 4/2004 | |
| 610 | 2 | 0 | |a banky |
| 610 | 2 | 0 | |a bankovníctvo |
| 610 | 2 | 0 | |a cykly obchodné |
| 610 | 2 | 0 | |a inflácia |
| 610 | 2 | 0 | |a spotrebitelia |
| 610 | 2 | 0 | |a ceny spotrebiteľské |
| 610 | 2 | 0 | |a modely rovnováhy |
| 610 | 2 | 0 | |a ČNB Praha |
| 100 | 1 | |a Podpiera, Jiří | |